00446nam a2200157Ia 4500008004100000020001500041082001500056100002000071245003900091250000800130260003500138300002500173500001900198600002100217650005000238240925s9999 xx 000 0 und d a1568301979 a004.67 ENG aEngst ,Adam C. 0aInternet Starter Kit for Macintosh a3rd aIndiana:bHaydon Booksc,1995. a658p.bNAfPhotocopy aIncludes Index aComputer Science aComputer science, information & general works